000 00411cam a22001691 4500
005 20260322212050.0
008 data
040 _aDNLM
_cDNLM
041 0 9 _aeng
060 0 0 _aWM 75
_bH665u 1948
100 1 _aHinsie, Leland Earl,
_d1895-
245 1 0 _aUnderstandable psychiatry.
_cLeland Earl Hinsie.
260 _aNew York,
_bMacmillan,
_c1948.
300 _avii, 359 p.
650 2 _aMental Disorders
001 data
999 _c1190
_d1190